000 00254nam a2200097Ia 4500
008 240331s9999 xx 000 0 und d
082 _bPUT
100 _aIlankai Mutpokku Eluthalar Sangam. ed
245 0 _aPuthumai Ilakiyam :
_bIlakiyap Peraranku
942 _cL
999 _c4056
_d4056